000 00826nam a2200253Ia 4500
003 OSt
005 20220923212007.0
006 a|||||r|||| 00| 0
007 ta
008 220922b |||||||| |||| 00| 0 hin d
024 _a87,613
037 _cTextual
040 _aARTS
_cARTS
_bhin
041 _2hin
_ahin
082 _aU25213.N<-C, 152L7
100 _aकुबेरनाथ सुकुल
245 0 _aवाराणसी वैभव
246 _aVārāṇasī vaibhava
260 _aपटना
_b बिहार राष्ट्रभाषा परिषद् प्र0
_c1977
300 _a418पृ.
_ccm.
650 _aभारतीय-भूगोल
942 _hU25213.N<-C, 152L7
_cTEXL
_2CC
999 _c305250
_d305250